| 000 | 00522nam a2200193 a 4500 | ||
|---|---|---|---|
| 001 | 1770713644786 | ||
| 003 | YourLibrary | ||
| 005 | 20260210142835.0 | ||
| 008 | 260210s1995##################000#0#eng## | ||
| 020 | _a9780521434508 | ||
| 082 | 0 | 4 |
_a330.914109 _bGRA |
| 100 | 1 |
_aGrassby, Richard, _eauthor. |
|
| 245 | 1 | 0 | _aThe Business Community of Seventeenth-Century England : |
| 260 | _c1995. | ||
| 300 | _a656 pages | ||
| 650 | 0 | _aBusiness & Economics. | |
| 942 | _cENGLISH | ||
| 040 |
_aYourLibrary _beng _cYourLibrary |
||
| 999 |
_c611410 _d611410 |
||